| 000 | 00760nam a22002537a 4500 | ||
|---|---|---|---|
| 005 | 20170123162338.0 | ||
| 010 | _aA-794589 | ||
| 020 | _c30.00 | ||
| 035 | _aA-794589 | ||
| 037 | _bCen Lib/Ret | ||
| 040 |
_aDPL _bUR |
||
| 082 |
_a840.8 _bن ج ی |
||
| 100 |
_aنجیب جمالی _9125252 |
||
| 245 |
_aنگاہ / _cنجیب جمالی |
||
| 246 |
_aNigah / _bby Najeeb Jamali |
||
| 260 |
_aملتان _bبیگ بکس _c1994 |
||
| 270 |
_aگلکشت _bملتان |
||
| 300 |
_a120p. _c21cm(Hb) |
||
| 650 |
_aادب - اردو _9125253 |
||
| 650 |
_a اردو مضامین - تنقید _9108712 |
||
| 650 |
_aLitrerature -- Urdu _9125254 |
||
| 650 |
_aUrdu Essays -- Criticism _9125255 |
||
| 942 |
_2ddc _cUR _h840.8 _mن ج ی |
||
| 999 |
_c108279 _d108279 |
||